000 00765cam a2200277 4500500
005 20260329001920.0
041 _afre
042 _adc
100 1 0 _aOrtoli, Sven
_eauthor
245 0 0 _aLe singe descend de l’homme
260 _c2009.
500 _a54
690 _aAnimalité
690 _aAnthropologie
690 _aArchéologie
690 _aCréationnisme
690 _aÉvolution
690 _aÉvolutionnisme
690 _aGrands Singes
690 _aHumanité
690 _aOrigines
690 _aPréhistoire
690 _aSinges
786 0 _nPhilosophie magazine | 35 | 12 | 2009-12-01 | p. 16-17 | 1951-1787
856 4 1 _uhttps://shs.cairn.info/magazine-philosophie-magazine-2009-12-page-16?lang=fr&redirect-ssocas=7080
999 _c1809932
_d1809932